000 00343nam a2200133 i 4500
001 bg
245 0 _aPodstawy obliczeń statystycznych na maszynach cyfrowych /
_cpod red. G. Majcherowej.
250 _aWyd.2 popr.
260 _aKraków,
_c1980.
040 _cBPK
041 _apol
942 _cKS
008 s pl f |000 0 pol
999 _c20059
_d20059
856 _uhttp://koha.tu.koszalin.pl/cgi-bin/koha/opac-detail.pl?biblionumber=20059
_yKatalog online BPK